| 000 | 01035nam a22003017a 4500 | ||
|---|---|---|---|
| 001 | 10142 | ||
| 003 | FISKH | ||
| 005 | 20260424114723.0 | ||
| 008 | 260424b cb ||||| |||| 00| 0 eng d | ||
| 020 | _a9780462001227 | ||
| 040 |
_aFISKH _beng _cFISKH _dFISKH |
||
| 050 | _aPZ7 | ||
| 082 | _a372.6 | ||
| 100 |
_aGreenhills, Chantelle _eAuthor |
||
| 245 |
_aA house for shade / _cWritten by Chantelle Greenhills ; illustrated by Dave Gunson |
||
| 260 |
_aSingapore : _bMarshall Cavendish International , _c2008 |
||
| 300 |
_a16 pages : _bcolor illustrations ; _c19 cm |
||
| 490 |
_aMy pals are here! Reading stars : _v15a |
||
| 505 | _aG | ||
| 520 | _aIt was a hot day. Ethel elephant was too hot. "I would like some shade," she said. "Sit in the shade of a tree," Saul Giraffe said. --- | ||
| 521 | 8 |
_a400
_bLexile estimate |
|
| 521 | 8 |
_aG
_bRaz-Plus |
|
| 650 |
_aHot weather _vShade |
||
| 650 |
_aAnimals _vElephant and giraffe |
||
| 700 |
_aGunson, Dave _eIllustrator |
||
| 942 |
_2ddc _cBK _n0 |
||
| 999 |
_c10142 _d10142 |
||